000 01055cam a2200325Ii 4500
001 9682250
005 20220326193308.0
008 120914s2012 gw a 000 0 spa d
020 _a9783943061147
020 _a3943061140
035 _a(OCoLC)809614818
035 _a(OCoLC)ocn809614818
035 _a(NNC)9682250
040 _aZCU
_erda
_cZCU
_dZCU
041 0 _aspa
_aeng
043 _an-mx---
_acc-----
082 _a751.73
_bL716b
110 _aInstituto Goethe México.
_91851
245 0 0 _aDe mi barrio, a tu barrio :
_bstreetart in Mexico, Central America and the Caribbean /
_ceditor: Goethe-Institut Mexiko.
246 3 0 _aStreetart in Mexico, Central American and the Caribbean
250 _aFirst edition.
300 _a244 pages :
_bcolor illustrations ;
_c24 cm
546 _aSpanish and English.
650 0 _aStreet art
_zMexico.
_91852
650 0 _aStreet art
_zCaribbean Area.
_91853
710 2 _aInstituto Goethe México.
_91854
948 0 _a20121023
_bb
_crhg9
_dOSMC
948 1 _a20121119
_bo
_ciw2117
_dOSMC
999 _c389
_d389